<?xml version="1.0" encoding="UTF-8"?>
<record
    xmlns:xsi="http://www.w3.org/2001/XMLSchema-instance"
    xsi:schemaLocation="http://www.loc.gov/MARC21/slim http://www.loc.gov/standards/marcxml/schema/MARC21slim.xsd"
    xmlns="http://www.loc.gov/MARC21/slim">

  <leader>02901nam a2200241 a 4500</leader>
  <controlfield tag="001">000042701</controlfield>
  <controlfield tag="003">DO-SdBNP</controlfield>
  <controlfield tag="005">20250808110924.0</controlfield>
  <controlfield tag="007">ta</controlfield>
  <controlfield tag="008">140205s2012    dr            000 0 spa d</controlfield>
  <datafield tag="020" ind1=" " ind2=" ">
    <subfield code="a">9789945475395</subfield>
  </datafield>
  <datafield tag="040" ind1=" " ind2=" ">
    <subfield code="a">DO-SdBNP</subfield>
    <subfield code="b">spa</subfield>
    <subfield code="c">BNPHU</subfield>
  </datafield>
  <datafield tag="082" ind1=" " ind2="4">
    <subfield code="a">xxx</subfield>
    <subfield code="b">C719</subfield>
    <subfield code="2">22</subfield>
  </datafield>
  <datafield tag="245" ind1="0" ind2="0">
    <subfield code="a">Coloquios 2011 /</subfield>
    <subfield code="c">coordinador Juan Freddy Armando...[et.al].</subfield>
  </datafield>
  <datafield tag="260" ind1=" " ind2=" ">
    <subfield code="a">Santo Domingo :</subfield>
    <subfield code="b">Direcci&#xF3;n Nacional de la Feria del Libro.,</subfield>
    <subfield code="c">2012.</subfield>
  </datafield>
  <datafield tag="300" ind1=" " ind2=" ">
    <subfield code="a">419 p. ;</subfield>
    <subfield code="c">24 cm.</subfield>
  </datafield>
  <datafield tag="500" ind1=" " ind2=" ">
    <subfield code="a">Incluye referencias bibliogr&#xE1;ficas al pie de las p&#xE1;gina</subfield>
  </datafield>
  <datafield tag="505" ind1="0" ind2=" ">
    <subfield code="a">La mascara sin Trujillo o la triste historia de la sumisi&#xF3;n /</subfield>
    <subfield code="r">Carmen Imbert Brugal --</subfield>
    <subfield code="t">Testimonio --</subfield>
    <subfield code="r">Sina Cabral /</subfield>
    <subfield code="t">Vargas Llosa y los escritores de la Revoluci&#xF3;n Cubana --</subfield>
    <subfield code="r">Edwin Disla /</subfield>
    <subfield code="t">Mario Vargas Llosa...50 a&#xF1;os despu&#xE9;s --</subfield>
    <subfield code="r">Armando Almanzar R. /</subfield>
    <subfield code="t">Jaime Colson y la religi&#xF3;n -- </subfield>
    <subfield code="r">Marianne de Tolentino /</subfield>
    <subfield code="t">Arte sacro devoci&#xF3;n y creaci&#xF3;n -- </subfield>
    <subfield code="r">Virginia Mar&#xED;a Roca Pezzotti /</subfield>
    <subfield code="t">La diplomacia pontificia. Algunas pinceladas hist&#xF3;ricas --</subfield>
    <subfield code="r">Cristina Aguiar /</subfield>
    <subfield code="t">Relaciones hist&#xF3;ricas entre la Santa Sede y el Estado Dominicano --</subfield>
    <subfield code="r">V&#xED;ctor G&#xF3;mez Berg&#xE9;s /</subfield>
    <subfield code="t">La diplomacia pontificia en el escenario internacional actual --</subfield>
    <subfield code="r">Manuel Morales Lama /</subfield>
    <subfield code="t">La m&#xFA;sica sacra. Componentes dominicanos --</subfield>
    <subfield code="r">Jos&#xE9; Enrique Delmonte Peguero /</subfield>
    <subfield code="t">Los latidos de la religi&#xF3;n y el mito en la poes&#xED;a dominicana --</subfield>
    <subfield code="r">Odal&#xED;s G. P&#xE9;rez /</subfield>
    <subfield code="t">Reflexiones sobre la Era de Trujillo --</subfield>
    <subfield code="r">Fernando Infante / </subfield>
    <subfield code="t">Las falsas haza&#xF1;as de Trujillo --</subfield>
    <subfield code="r">Bernardo Vega /</subfield>
    <subfield code="t">Aportes de la iglesia cat&#xF3;lica a la sociedad y cultura dominicana en los &#xFA;ltimos 50 a&#xF1;os --</subfield>
    <subfield code="r">Luis Emilio Montalvo Arzeno /</subfield>
    <subfield code="t">La figura de Fray Pedro de C&#xF3;rdoba --</subfield>
    <subfield code="r">Rosa Krawinkel /</subfield>
    <subfield code="t">Im&#xE1;genes sagradas, espacio profano: identidad, vanguardia y religiosidad en el arte dominicano --</subfield>
    <subfield code="r">Mar&#xED;a Elena Ditr&#xE9;n /</subfield>
    <subfield code="t">Presencia del tema religioso en el arte dominicano --</subfield>
    <subfield code="r">Amable L&#xF3;pez Mel&#xE9;ndez /</subfield>
    <subfield code="t">Arte Sagrado en Rep&#xFA;blica Dominicana --</subfield>
    <subfield code="r">C&#xE9;sar Iv&#xE1;n Feris Iglesias /</subfield>
    <subfield code="t">Del patronato al concordato. Notas para una historia de las relaciones entre la Santa Sede y Santo Domingo --</subfield>
    <subfield code="r">Rafael Marion- Landais /</subfield>
    <subfield code="t">Mario Vargas Llosa y la fiesta del Chivo --</subfield>
    <subfield code="r">Lourdes Camilo de Cuello /</subfield>
    <subfield code="t">La expedici&#xF3;n de Constanza. Maim&#xF3;n y Estero Hondo o del 14 de junio --</subfield>
    <subfield code="r">Delio G&#xF3;mez Ochoa /</subfield>
    <subfield code="t">La poes&#xED;a religiosa en las letras dominicanas experiencia espiritual y conexi&#xF3;n c&#xF3;smica --</subfield>
    <subfield code="r">Bruno Rosario Candelier /</subfield>
    <subfield code="t">La poes&#xED;a religiosa. Presupuestos fundamentales --</subfield>
    <subfield code="r">Tulio Cordero /</subfield>
    <subfield code="t">M&#xFA;sica religiosa en la Am&#xE9;rica colonial --</subfield>
    <subfield code="r">Carlos Andr&#xE9;s Mej&#xED;a /</subfield>
    <subfield code="t">Trujillo: la Rep&#xFA;blica Dominicana 50 a&#xF1;os despu&#xE9;s de su muerte... --</subfield>
    <subfield code="r">Miguel Guerrero /</subfield>
    <subfield code="t">500 a&#xF1;os de evangelizaci&#xF3;n --</subfield>
    <subfield code="r">Jos&#xE9; B&#xE1;ez Guerrero /</subfield>
    <subfield code="t">Poes&#xED;a religiosa dominicana --</subfield>
    <subfield code="r">Daniel Baruc Espinal Rivera //</subfield>
  </datafield>
  <datafield tag="590" ind1=" " ind2=" ">
    <subfield code="a">Inventariado, 2020/ YL</subfield>
  </datafield>
  <datafield tag="700" ind1="1" ind2=" ">
    <subfield code="a">Armando, Juan Freddy,</subfield>
    <subfield code="e">coor.</subfield>
    <subfield code="9">24389</subfield>
  </datafield>
  <datafield tag="910" ind1=" " ind2=" ">
    <subfield code="a">YLockward</subfield>
  </datafield>
  <datafield tag="942" ind1=" " ind2=" ">
    <subfield code="2">ddc</subfield>
    <subfield code="c">LBS1</subfield>
  </datafield>
  <datafield tag="952" ind1=" " ind2=" ">
    <subfield code="0">0</subfield>
    <subfield code="1">0</subfield>
    <subfield code="2">ddc</subfield>
    <subfield code="5">1</subfield>
    <subfield code="7">0</subfield>
    <subfield code="8">PD</subfield>
    <subfield code="a">BNPHU</subfield>
    <subfield code="b">BNPHU</subfield>
    <subfield code="c">CT</subfield>
    <subfield code="d">2013-10-21</subfield>
    <subfield code="e">Donaci&#xF3;n</subfield>
    <subfield code="o"> </subfield>
    <subfield code="p">42701-10</subfield>
    <subfield code="r">2020-06-25</subfield>
    <subfield code="w">2020-06-25</subfield>
    <subfield code="y">LBS1</subfield>
  </datafield>
  <datafield tag="952" ind1=" " ind2=" ">
    <subfield code="0">0</subfield>
    <subfield code="1">0</subfield>
    <subfield code="2">ddc</subfield>
    <subfield code="5">1</subfield>
    <subfield code="7">0</subfield>
    <subfield code="8">PD</subfield>
    <subfield code="a">BNPHU</subfield>
    <subfield code="b">BNPHU</subfield>
    <subfield code="c">CT</subfield>
    <subfield code="d">2018-12-06</subfield>
    <subfield code="e">Donaci&#xF3;n</subfield>
    <subfield code="o"> </subfield>
    <subfield code="p">2020-0490</subfield>
    <subfield code="r">2020-11-16</subfield>
    <subfield code="t">e. 2</subfield>
    <subfield code="w">2020-06-25</subfield>
    <subfield code="y">LBS1</subfield>
  </datafield>
  <datafield tag="952" ind1=" " ind2=" ">
    <subfield code="0">0</subfield>
    <subfield code="1">0</subfield>
    <subfield code="2">ddc</subfield>
    <subfield code="5">6</subfield>
    <subfield code="7">0</subfield>
    <subfield code="8">DS</subfield>
    <subfield code="a">BNPHU</subfield>
    <subfield code="b">BNPHU</subfield>
    <subfield code="c">CT</subfield>
    <subfield code="d">2025-08-08</subfield>
    <subfield code="e">donaci&#xF3;n</subfield>
    <subfield code="l">0</subfield>
    <subfield code="o">BNPHU DS C719</subfield>
    <subfield code="p">2025-7988</subfield>
    <subfield code="r">2025-08-08</subfield>
    <subfield code="t">e.3</subfield>
    <subfield code="w">2025-08-08</subfield>
    <subfield code="y">LBS1</subfield>
    <subfield code="z">donado por CERTV</subfield>
  </datafield>
  <datafield tag="999" ind1=" " ind2=" ">
    <subfield code="c">42190</subfield>
    <subfield code="d">42190</subfield>
  </datafield>
</record>
